Consejos superiores de la administracin̤, neocorporativismo y participacin̤ orgǹica

Detalles Bibliográficos
Autor principal: Younes Medina, Diego
Formato: eBook
Lenguaje:español
Publicado: Lima : Editorial Universidad de Rosario (Colombia), 2011
Materias:
Acceso en línea:Acceso restringido

MARC

LEADER 00000nam a22000007a 4500
005 20120620171418.0
007 cr|||| ||||
008 120620s2011 co |||||s|||| 00||0 spa d
020 |a 978-958-738-187-0 
035 |a 6350 
040 |a vLex 
090 |c 3219  |d 3219 
100 1 |a Younes Medina, Diego 
245 1 0 |a Consejos superiores de la administracin̤, neocorporativismo y participacin̤ orgǹica  |h [Recurso electrn̤ico] /  |c Diego Younes Medina  
256 |a Servicio en ln̕ea 
260 |a Lima :  |b Editorial Universidad de Rosario (Colombia),  |c 2011 
300 |a 1 recurso electrn̤ico 
506 1 |a Contenido solo disponible en los productos indicados  |d vLex Global   |d vLex Global (Academic Edition, excluding Law Schools)   |d vLex Global (U.S. Academic Edition, Law Schools)   |d vLex Global (U.S. Academic Edition, excluding Law Schools)   |d vLex Global (Academic Edition, Law Schools)  
650 |a Administracin̤ 
740 0 |a vLex Libros (Servicio en ln̕ea) 
856 4 0 |u http://vlex.com/source/consejos-superiores-administracion-neocorporativismo-participacion-organica-6350  |z Acceso restringido 
942 |c BOOK 
999 0 |a Administration